Statistics for Least Populated Countries by Continent

Click here to take the quiz!

General Stats

  • This quiz has been taken 1,172 times
  • The average score is 24 of 30

Answer Stats

ContinentCountry% Correct
Europe. 1Vatican City (800)
98%
2.San Marino (33'000)
95%
3.Monaco (37'000)
94%
5.Andorra (78'000)
92%
2.Guyana (747'000)
91%
S.America 1.Suriname (560'000)
90%
4.Paraguay (7'003'000)
87%
3.Uruguay (3'310'000)
87%
5.Bolivia (10'520'000)
86%
N.America 1.Saint Kitts and Nevis (46'000)
86%
4.Liechtenstein (37'000)
85%
Oceania 1.Nauru (10'000)
84%
2.Tuvalu (11'000)
84%
5.Saint Vincent and the Grenadines (110'000)
83%
3.Palau (17'000)
81%
3.Antigua and Barbuda (89'000)
79%
4.Grenada (104'000)
79%
4.Marshall Islands (55'000)
79%
2.Brunei (421'000)
78%
2.São Tomé and Príncipe (194'000)
78%
Africa 1.Seychelles (97'000)
78%
3.Cape Verde (525'000)
76%
4.Comoros (783'000)
75%
2.Dominica (71'000)
75%
5.East-Timor (1'245'000)
74%
5.Federated States of Micronesia (103'000)
73%
Asia. 1Maldives (345'000)
72%
3.Bhutan (760'000)
70%
5.Djibouti (961'000)
52%
4.Cyprus (876'000)
42%

Score Distribution

Percentile by Number Answered

Percent of People with Each Score

Your Score History

You have not taken this quiz